|
|
|
|
| LEADER |
01079nam a2200301 a 4500 |
| 001 |
4865 |
| 003 |
BD-DhAAL |
| 005 |
20150321092733.0 |
| 008 |
150321s1996 dcua b i000 0 eng |
| 010 |
|
|
|a 95053256
|
| 020 |
|
|
|a 0821335472
|
| 040 |
|
|
|a DLC
|c DLC
|d DLC
|d BD-DhAAL
|
| 050 |
0 |
0 |
|a HD75.7
|b .Y68 1996
|
| 082 |
0 |
0 |
|a 372.21
|2 20
|
| 100 |
1 |
|
|a Young, Mary E.,
|d 1955-
|9 9980
|
| 245 |
1 |
0 |
|a Early child development :
|b investing in the future.
|
| 260 |
|
|
|a Washington, D.C. :
|b World Bank,
|c 1996.
|
| 300 |
|
|
|a viii, 102 p. :
|b col. ill. ;
|c 23 cm.
|
| 490 |
1 |
|
|a Directions in development
|
| 504 |
|
|
|a Includes bibliographical references (p. 95-102).
|
| 541 |
|
|
|e 4865
|
| 650 |
|
0 |
|a Economic development
|x Effect of education on.
|9 9981
|
| 650 |
|
0 |
|a Child development.
|9 6734
|
| 650 |
|
0 |
|a Early childhood education.
|9 9982
|
| 830 |
|
0 |
|a Directions in development (Washington, D.C.).
|9 9983
|
| 942 |
|
|
|2 ddc
|c BK
|
| 999 |
|
|
|c 34124
|d 34124
|
| 952 |
|
|
|0 0
|1 0
|2 ddc
|4 0
|6 372_210000000000000_YOU
|7 0
|9 53253
|a SCL
|b SCL
|c GEN
|d 2015-03-21
|l 0
|o 372.21 YOU
|p 3020004865
|r 2015-03-21
|t 1
|w 2015-03-21
|y BK
|